La médecine régénérative dans les fistules anales de la maladie de Crohn : décollage imminent… (notice n° 1673066)
[ vue normale ]
| 000 -LEADER | |
|---|---|
| fixed length control field | 01102cam a2200229 4500500 |
| 005 - DATE AND TIME OF LATEST TRANSACTION | |
| control field | 20260301001056.0 |
| 041 ## - LANGUAGE CODE | |
| Language code of text/sound track or separate title | fre |
| 042 ## - AUTHENTICATION CODE | |
| Authentication code | dc |
| 100 10 - MAIN ENTRY--PERSONAL NAME | |
| Personal name | de Parades, Vincent |
| Relator term | author |
| 245 00 - TITLE STATEMENT | |
| Title | La médecine régénérative dans les fistules anales de la maladie de Crohn : décollage imminent… |
| 260 ## - PUBLICATION, DISTRIBUTION, ETC. | |
| Date of publication, distribution, etc. | 2020.<br/> |
| 500 ## - GENERAL NOTE | |
| General note | 42 |
| 520 ## - SUMMARY, ETC. | |
| Summary, etc. | Urban G, Tripathi P, Alkayali T, Mittal M, Jalali F, Karnes W, Baldi P. Deep Learning Localizes and Identifies Polyps in Real Time With 96 % Accuracy in Screening Colonoscopy. Gastroenterology 2018 ; 155 (4) : 1069-1078.e8. doi : 10.1053/j.gastro.2018.06.037. Epub 2018 Jun 18. |
| 700 10 - ADDED ENTRY--PERSONAL NAME | |
| Personal name | Fathallah, Nadia |
| Relator term | author |
| 700 10 - ADDED ENTRY--PERSONAL NAME | |
| Personal name | Spindler, Lucas |
| Relator term | author |
| 700 10 - ADDED ENTRY--PERSONAL NAME | |
| Personal name | Rentien, Anne-Laure |
| Relator term | author |
| 700 10 - ADDED ENTRY--PERSONAL NAME | |
| Personal name | Pommaret, Élise |
| Relator term | author |
| 700 10 - ADDED ENTRY--PERSONAL NAME | |
| Personal name | Aubert, Manuel |
| Relator term | author |
| 700 10 - ADDED ENTRY--PERSONAL NAME | |
| Personal name | Benfredj, Paul |
| Relator term | author |
| 786 0# - DATA SOURCE ENTRY | |
| Note | Hépato-Gastro & Oncologie Digestive | 27 | 1 | 2020-01-01 | p. 9-12 | 2115-3310 |
| 856 41 - ELECTRONIC LOCATION AND ACCESS | |
| Uniform Resource Identifier | <a href="https://stm.cairn.info/revue-hepato-gastro-et-oncologie-digestive-2020-1-page-9?lang=fr&redirect-ssocas=7080">https://stm.cairn.info/revue-hepato-gastro-et-oncologie-digestive-2020-1-page-9?lang=fr&redirect-ssocas=7080</a> |
Pas d'exemplaire disponible.




Réseaux sociaux